Normal view MARC view
  • HEPPLE, P

Entry Personal Name

Number of records used in: 1

001 - CONTROL NUMBER

  • control field: 78303

003 - CONTROL NUMBER IDENTIFIER

  • control field: NUST

005 - DATE AND TIME OF LATEST TRANSACTION

  • control field: 20210628210140.0

008 - FIXED-LENGTH DATA ELEMENTS

  • fixed length control field: 210628|| aca||aabn | a|a d

040 ## - CATALOGING SOURCE

  • Original cataloging agency: NUST
  • Transcribing agency: NUST

100 ## - HEADING--PERSONAL NAME

  • Personal name: HEPPLE, P

670 ## - SOURCE DATA FOUND

  • Source citation: Work cat.: (NUST): HEPPLE, P, POLLUTION PREVENTION THE PROCEEDINGS SUMMER MEETING 1968 ON THE THEME THE CONTRIBUTION OF THE PETROLEUM INDUSTRY TO THE PRVENTION OF POLLUTIO, 1968
© 2023 Central Library, National University of Sciences and Technology. All Rights Reserved.